000 00618nam a2200193Ii 4500
003 JO-AjNU
008 230605s9999||||xx |||||||||||||| ||und||
040 _aJO-AjNU
_bara
_erda
_cJO-AjNU
041 _aara
050 1 4 _aQA76.73B3.M3 1984
100 3 _aمنقيخي ، محمد فريز,
_eauthor
_916646
245 0 0 _aبرمجة الكمبيوتر بلغة فورتران والاقتصاد القياسي
264 3 1 _aدمشق:د.م ، 1984
300 _a126ص
336 _atext
_btxt
_2rdacontent
337 _aunmediated
_bn
_2rdamedia
338 _avolume
_bnc
_2rdacarrier
650 4 _aالحاسوب
_916647
999 _aA4980
_c8548
_d8548